00744pam a2200241 a 4500001000500000005001700005020001800022020001800040040002300058050001500081082001300096100001800109245004100127260003400168300005800202500006300260505001000323520005300333521002400386521002300410650004500433650002400478258020250826104619.0 a9780590275002 a9780688093563 aDLCcDLCdDLCbeng00aTH4811.B3700a690.83731 aBarton, Byron10aBuilding a house / cby Byron Barton aNew York :bScholastic,c1981 a31 unnumbered pages : bcolor illustrations ; c21 cm aOriginally published: New York : Greenwillow Books, c1981. aG  aBriefly describes the steps in building a house. a370 bLexile  aG bRaz-Plus  0aHouse constructionxJuvenile literature. 1aHouse construction.